000 00282nam a22001337a 4500
008 170206b xxu||||| |||| 00| 0 eng d
020 _a51406
041 _aeng
080 _26ED
_a61
100 _a3
101 _aSHM
245 _aTHE MERCK MANUAL
_cROBERT BERKOW
942 _2udc
_cBK
999 _c4764
_d4764